000
00259 a2200097 4500
001
14856
100
_a
Masson C
245
_a
Narrative of various journeys in baluchistan Afghanistan Punjab
260
_a
Karachi
_b
Oxford Univ press
_c
090
_c
11626
_d
11626
942
_a
NUST-CAE
_c
M
_c
1810
999
_c
249929
_d
249929